International politics & Relations. (Record no. 455)

MARC details
000 -LEADER
fixed length control field 00559cam a2200217ua 4500
001 - CONTROL NUMBER
control field 517
005 - DATE AND TIME OF LATEST TRANSACTION
control field 20260515113157.0
008 - FIXED-LENGTH DATA ELEMENTS--GENERAL INFORMATION
fixed length control field 110407n ii |||gr||||Z||||||eng
020 ## - INTERNATIONAL STANDARD BOOK NUMBER
International Standard Book Number 81-85842-72-8
040 ## - CATALOGING SOURCE
Transcribing agency MAIN
082 ## - DEWEY DECIMAL CLASSIFICATION NUMBER
Classification number 327.11
245 ## - TITLE STATEMENT
Title International politics & Relations.
Statement of responsibility, etc. By L.S Srivastava.
250 ## - EDITION STATEMENT
Edition statement 8th.
260 ## - PUBLICATION, DISTRIBUTION, ETC.
Place of publication, distribution, etc. Meerut.:
Name of publisher, distributor, etc. Krishna prakashan.,999.
300 ## - PHYSICAL DESCRIPTION
Extent xii, 296 p.:
Dimensions 20 cm.
653 ## - INDEX TERM--UNCONTROLLED
Uncontrolled term Political science.
653 ## - INDEX TERM--UNCONTROLLED
Uncontrolled term International politics.
700 1# - ADDED ENTRY--PERSONAL NAME
Personal name Srivastava, L. S.,
700 1# - ADDED ENTRY--PERSONAL NAME
Personal name Joshi, V P.,
942 ## - ADDED ENTRY ELEMENTS (KOHA)
Koha item type Books
Holdings
Withdrawn status Lost status Damaged status Not for loan Home library Current library Shelving location Date acquired Total checkouts Full call number Barcode Date last seen Copy number Price effective from Koha item type
        Naharkatiya College Library Naharkatiya College Library General stacks 09/19/2020   327.11 | SRI 683 09/19/2020 1 09/19/2020 Books